00397nam a2200133Ia 4500008004100000020001500041100002800056245001700084250000800101260003500109300000700144952009700151999001500248211105s9999 xx 000 0 und d aVYASA00864 aAkhandananda Saraswathi 0aAnanda Suman a1st bSatsahitya prakashan trustc\N a62 00104070aSVYASAbSVYASAd2010-06-22g7.00l0p14166r2021-11-09 00:00:00w2021-11-09yBKS c9885d9885